000 00748nam a2200241 i 4500
001 bg
100 1 _aKNYSZEWSKI, Jan.
245 1 0 _aMaszyny i urządzenia przemysłu żywnościowego /
_cJan Knyszewski.
260 _aGdańsk :
_bWydawnictwo Politechniki Gdańskiej,
_c2003.
300 _a186 s. :
_brys., wykr. ;
_c24 cm.
504 _aBibliogr.
650 9 _aPrzemysł rolno-spożywczy
_xnarzędzia i maszyny
650 9 _aRozdrabnianie
_xnarzędzia i maszyny
650 9 _aMieszanie
_xnarzędzia i maszyny
655 _aPodręczniki akademickie
020 _a8373480536
040 _cBPK
041 0 _apol
080 _a664:621.926/.929](075.8)
920 _a83-7348-053-6
942 _cKS
008 s pl f |000 0 pol
999 _c52306
_d52306
856 _uhttp://koha.tu.koszalin.pl/cgi-bin/koha/opac-detail.pl?biblionumber=52306
_yKatalog online BPK